000 00855nam a2200313 a 4500
003 AR-BaBNM
005 20251128210133.0
008 082120s2002 ||||||||||||||000 | spa||
020 _a0-201-82520-1
040 _cAR-BaBNM
100 1 _aMarcus, Sybil
245 0 0 _aA world of fiction
_btwenty timeless short stories
260 _aReading
_bAddison-Wesley
_c1995
300 _axv, 287 p.
_bil.
500 _aContiene ejercicios al final de cada cuento
650 4 _aLITERATURA ESTADOUNIDENSE
650 4 _aLITERATURA INGLESA
650 4 _aANTOLOGIAS
650 4 _aESCRITORES
650 4 _aINGLES
650 4 _aLENGUAS GERMANICAS
650 4 _aENSEÑANZA DE IDIOMAS
650 4 _aACTIVIDADES DE APRENDIZAJE
650 4 _aENSEÑANZA DEL VOCABULARIO
653 _aNARRATIVA
655 _aLITERATURA
942 _cBK
998 _cMARTIN
999 _c14204
_d14204